000 00389nam a22001577a 4500
005 20231208084620.0
008 231208b |||||||| |||| 00| 0 eng d
082 _a891.4
_bSHA
100 _aShams, Din Khawaja
245 _aMuraakba
250 _a3rd ed.
260 _aKarachi
_bAl-Kitab Publications
_c2008
300 _a329
650 _aLiterature/Other Literature/Urdu
999 _c34842
_d34842